Countries Bordering Afghanistan - Statistics

General Stats
  • This quiz has been taken 100 times
  • The average score is 6 of 6
Answer Stats
Length Country % Correct
2,670 km Pakistan
100%
921 km Iran
98%
1,357 km Tajikistan
95%
804 km Turkmenistan
95%
144 km Uzbekistan
94%
91 km China
92%
No matching quizzes found
Score Distribution
Percent of People with Each Score
Percentile by Number Answered
Your Score History
You have not taken this quiz